000 00832nam a22002777a 4500
003 CHAP
005 20220329140643.0
008 971013s1964 r 00010 d
010 _a55430
011 _a56402
035 _a60555
040 _cCHAP
082 _a578.15
_bS2
100 0 0 _aScanga, F.
_9102855
245 _aAtlas of electron microscopy
_b: biological applications
260 _aAmsterdam :
_bElsevier,
_c1964
300 _a331 p.
_b: ilus.
590 _aBATCH-UPD
_b10
_c20130110
_lUCH01
_h0822
590 _aBATCH-UPD
_b10
_c20130410
_lUCH01
_h0500
590 _aBATCH-UPD
_b10
_c20130914
_lUCH01
_h1817
590 _aCONVERSION
_b10
_c20130109
_lUCH01
_h1330
650 1 4 _aMicroscopio electrónico.
_975535
901 _aBK
942 _cLIBRO
949 _a578.15 S2
_bBC
_cC
_d33724000821575
_eC
_h18171
_i60555
_si
_t375.00
999 _c55430
_d55430